LEADER 00777nam0-22003011i-450- 001 990007428770403321 005 20070219113943.0 010 $a0-7100-0090-1 035 $a000742877 035 $aFED01000742877 035 $a(Aleph)000742877FED01 035 $a000742877 100 $a20030512d1979----km-y0itay50------ba 101 0 $aeng 102 $aGB 105 $ay-------001yy 200 1 $aAuthority and democracy$fApril Carter 210 $aLondon$cRoutledge & Kegan$d©1979 215 $a93 p.$d24 cm 676 $a301.5$v20$zita 700 1$aCarter,$bApril$0245100 801 0$aIT$bUNINA$gRICA$2UNIMARC 901 $aBK 912 $a990007428770403321 952 $aXIII 387$fDFD 959 $aDFD 996 $aAuthority and democracy$9677782 997 $aUNINA LEADER 04764nam 22007935 450 001 9910261119103321 005 20251101110032.0 024 7 $a10.1524/9783486594416 035 $a(CKB)3230000000000476 035 $a(EBL)1346290 035 $a(SSID)ssj0001279667 035 $a(PQKBManifestationID)11836800 035 $a(PQKBTitleCode)TC0001279667 035 $a(PQKBWorkID)11297408 035 $a(PQKB)10477888 035 $a(MiAaPQ)EBC1346290 035 $a(DE-B1597)233575 035 $a(OCoLC)979738236 035 $a(DE-B1597)9783486594416 035 $a(oapen)https://directory.doabooks.org/handle/20.500.12854/52536 035 $a(Perlego)1151018 035 $a(oapen)doab52536 035 $a(ODN)ODN0002483244 035 $a(EXLCZ)993230000000000476 100 $a20191126d2009 fg 101 0 $ager 135 $aur|n|---||||| 181 $ctxt 182 $cc 183 $acr 200 11$a"Madagaskar für die Juden" $eAntisemitische Idee und politische Praxis 1885-1945 /$fMagnus Brechtken 205 $aReprint 2015 210 $cDe Gruyter$d1998 210 1$aBerlin ;$aBoston :$cOldenbourg Wissenschaftsverlag,$d[2009] 210 4$d©1998 215 $a1 online resource (344 p.) 225 1 $aStudien zur Zeitgeschichte ;$v53 300 $aDescription based upon print version of record. 311 08$a9783486563849 311 08$a348656384X 311 08$a9783486594416 311 08$a3486594419 320 $aIncludes bibliographical references and index. 327 $tFrontmatter --$tInhalt --$tVorwort --$tI. Einleitung --$tII. "Absonderung" und "Exterritorialisierung" bei den "Klassikern" des Antisemitismus --$tIII. "Voll-Zionismus": Madagaskar und die "Internationale des Antisemitismus" --$tIV. Madagaskar und die Judenfrage in Polen --$tV. Der Madagaskar-Gedanke und die Judenpolitik des "Dritten Reiches" --$tVI. Eine europäische Dimension der "Endlösung" --$tVII. Schlußbetrachtung. "Madagaskar für die Juden" - Vom Mythos einer "territorialen ,End'-Lösung der Judenfrage" --$tIllustrationen --$tQuellen und Literatur --$tAbkürzungen --$tPersonenregister 330 $aDie traditionelle Judenfeindschaft wandelte sich in der zweiten Hälfte des 19. Jahrhunderts zu einem rassistisch geprägten Antisemitismus. Seine Propagandisten fühlten sich zur "Lösung der Judenfrage" berufen. 1885 wurde die Idee geboren, Madagaskar zur Heimstätte aller Juden der Welt zu machen. So grotesk diese Vorstellung einer "territorialen Endlösung" anmutet, sie fand Anhänger in vielen europäischen Ländern. Eine "Internationale des Antisemitismus" propagierte Ideen dieser Art bis in die Jahre des "Dritten Reiches". In dieser Zeit erhielt der Madagaskar-Gedanke eine neue Variante: Polen hoffte, im deutschen Windschatten zur Großmacht aufzusteigen und auch seine "Judenfrage" lösen zu können; die polnische Regierung bemühte sich, Madagaskar als Auswanderungsgebiet für ihre jüdische Bevölkerung und als polnische Kolonie von Frankreich zu erhalten. Nach dem Sieg über Frankreich plante Hitlers Regime, die Insel in ein jüdisches Groß-Ghetto unter SS-Aufsicht zu verwandeln. Es charakterisiert die unterschwelligen Intentionen und die Realitätsferne des deutschen Madagaskar-Plans, wenn dieser nicht mehr blieb als ein kurzlebiges Projekt auf dem Weg in den Holocaust. Der Autor schildert umfassend die Geschichte dieser antisemitischen Wahnidee und geht den konkreten Plänen zu einer Judenunterbringung auf Madagaskar in ihrer internationalen Verflechtung nach. Neben deutschen Quellen werden dabei erstmals die umfangreichen Bestände britischer, französischer und polnischer Archive wie auch die internationale Publizistik berücksichtigt. 410 0$aStudien zur Zeitgeschichte (Institut fu?r Zeitgeschichte (Munich, Germany)) ;$vBand 53. 606 $aJews$zGermany$xHistory$y1933-1945 606 $aAntisemitism$zGermany 606 $aJews$zGermany$xMigrations 606 $aJews$xRelocation$zMadagascar 606 $aJews$xGovernment policy$zPoland 606 $aHolocaust, Jewish (1939-1945)$xCauses 607 $aGermany$xPolitics and government$y1933-1945 607 $aPoland$xPolitics and government$y1918-1945 615 0$aJews$xHistory 615 0$aAntisemitism 615 0$aJews$xMigrations. 615 0$aJews$xRelocation 615 0$aJews$xGovernment policy 615 0$aHolocaust, Jewish (1939-1945)$xCauses. 676 $a943.004924 686 $aNQ 2360$2rvk 700 $aBrechtken$b Magnus$4aut$4http://id.loc.gov/vocabulary/relators/aut$0314278 801 0$bDE-B1597 801 1$bDE-B1597 906 $aBOOK 912 $a9910261119103321 996 $aMadagaskar fur die Juden$9810342 997 $aUNINA